| 000 | 008960am a2200229 004500 | ||
|---|---|---|---|
| 003 | EG-GiCUC | ||
| 008 | 080802s1964 ua a g 000 0 ara d | ||
| 040 |
_aEG-GiCUC _bara _cEG-GiCUC |
||
| 092 | 0 | 4 |
_a340 _bD2479 _221 |
| 099 |
_a04 _a340 D2479 |
||
| 100 | 1 | _aدافنبورت : وليام م. | |
| 245 | 1 | 0 |
_aاصداء من المحكمة / _cاشرف على التحرير وليام م.دافنبورت ؛ اشرف على ترجمتة و قدم له حسن جلال العروسى |
| 260 |
_aالقاهرة : _bمركز كتب الشرق الاوسط : _c1964 |
||
| 300 |
_a229ص : _bايض ؛ _c24سم |
||
| 650 | 7 |
_aالقانون _2qrmak |
|
| 700 | 1 | _aالعروسى : حسن جلال | |
| 902 | _a1 | ||
| 905 |
_aجيهان _eمراجع |
||
| 905 |
_aعفاف _eمدخل |
||
| 942 |
_2ddc _cBK |
||
| 999 |
_c101273 _d101273 |
||